Normal view
MARC view
Entry Personal Name
001 - CONTROL NUMBER
- control field: 78961
003 - CONTROL NUMBER IDENTIFIER
- control field: dpl
005 - DATE AND TIME OF LATEST TRANSACTION
- control field: 20250301115558.0
008 - FIXED-LENGTH DATA ELEMENTS
- fixed length control field: 250301|| aca||aabn | a|a d
040 ## - CATALOGING SOURCE
- Original cataloging agency: dpl
- Transcribing agency: dpl
100 ## - HEADING--PERSONAL NAME
- Personal name: कुशवाहा, विश्वाम्बर सिंह
670 ## - SOURCE DATA FOUND
- Source citation: Work cat.: (dpl)209827: कुशवाहा, विश्वाम्बर सिंह , साइबर आतंकवाद का भारतीय सुरक्षा पर प्रभाव/, 2024
